To Hell with Culture /

Colección de ensayos del pensador inglés Herbert Read, publicados durante la Segunda Guerra Mundial, donde reflexiona sobre el fenómeno social del arte, sus relaciones e implicaciones políticas y el papel del artista, bajo su concepción de arte como "manifestación apolítica del espíritu humano".

Tallennettuna:
Bibliografiset tiedot
Päätekijä: Read, Herbert (autor)
Aineistotyyppi: Kirja
Kieli:englanti
Julkaistu: Londres, Inglaterra : Routledge : Kegan Paul, 1963, c1963
Aiheet:
Tagit: Lisää tagi
Ei tageja, Lisää ensimmäinen tagi!

MARC

LEADER 00000nam^a2200000^a^4500
001 000372358
005 20250521000000.0
009 20260310115957.169
025 |a Donación Ignacio González Luna, 1 ejemplar 
037 |a Acervo ITESO - Biblioteca 
041 |a ING 
082 |a 701. 03  |b REA 
100 |a Read, Herbert  |e (autor) 
245 1 0 |a To Hell with Culture /  |c H. Read. 
264 4 |a Londres, Inglaterra :  |b Routledge :  |b Kegan Paul,  |c 1963, c1963 
300 |a XII, 193 p. 
336 |a texto  |b txt  |2 rdacontenido 
337 |a sin mediación  |b n  |2 rdamedio 
338 |a volumen  |b nc  |2 rdasoporte 
520 |a Colección de ensayos del pensador inglés Herbert Read, publicados durante la Segunda Guerra Mundial, donde reflexiona sobre el fenómeno social del arte, sus relaciones e implicaciones políticas y el papel del artista, bajo su concepción de arte como "manifestación apolítica del espíritu humano". 
561 |a Ex libris de Ignacio González Luna 
649 |a XX 
650 |a Artistas 
650 |a Arte y Política 
650 |a Arte y Sociedad -  |x Tema Principal 
650 |a Arte -  |x Historia y Crítica -  |x Tema Principal 
650 |a Arte -  |x Teoría -  |x Tema Principal 
910 |a Fondo Ignacio González Luna Morfín 
920 |a Impresos - Libros 
930 |a Fondos Especiales 
905 |a 136 
901 |a 0500266230  |b IT2  |c ESP  |i D74021  |u 20250521 
902 |a https://opac.biblio.iteso.mx/vufind/Record/000372358